LIBRARY & INFORMATION CENTRE, KCAET, TAVANUR

ONLINE PUBLIC ACCESS CATALOGUE (OPAC)

Agricultural Mechanics:Fundamentals and Applications (Record no. 14103)

MARC details
000 -LEADER
fixed length control field 00342nam a22001337a 4500
020 ## - INTERNATIONAL STANDARD BOOK NUMBER
ISBN 978-1-4390-4273-1
082 ## - DEWEY DECIMAL CLASSIFICATION NUMBER
Classification number 631.3
Item number HER/AG
100 ## - MAIN ENTRY--AUTHOR NAME
Personal name Ray V Herren
245 ## - TITLE STATEMENT
Title Agricultural Mechanics:Fundamentals and Applications
250 ## - EDITION STATEMENT
Edition statement 6th
260 ## - PUBLICATION, DISTRIBUTION, ETC. (IMPRINT)
Place of publication Australia
Name of publisher Delmar Cengage Learning
Year of publication 2010
300 ## - PHYSICAL DESCRIPTION
Number of Pages 896
Accompanying material nta
942 ## - ADDED ENTRY ELEMENTS (KOHA)
Koha item type Books

No items available.

free website counter